| 000 | 00523nam a22001817a 4500 | ||
|---|---|---|---|
| 003 | OSt | ||
| 008 | 250220b |||||||| |||| 00| 0 eng d | ||
| 020 | _a9 780884 156635 | ||
| 041 | _aeng | ||
| 082 |
_a660.2830288 _bPRA/BL |
||
| 100 |
_aBloch, Heinz P _9914 |
||
| 245 |
_aPractical Machinery Management for Process Plants Vol.4: _bMajor Process Equipment Maintenance and Repair |
||
| 250 | _a2nd | ||
| 260 |
_aTexas: _bGulf Publishing Company, _c1985. |
||
| 300 | _a699p. | ||
| 700 |
_aGeitner, Fred K _9915 |
||
| 942 | _cBK | ||
| 999 |
_c19419 _d19419 |
||